000 01517nam0a2200349 4500
001 RU\NLR\BIBL_A\011851416
005 20260408141702.0
010 _a978-5-317-05915-6
_930
021 _aRU
_bКН-П-18-073449
_9КН-П-18-5303
035 _a(NLR Aleph) 011851416
035 _a(RuMoRGB)009760418
090 _a12104609
_c12104609
100 _a20181101d2018 k y0rusy50 ca
101 0 _arus
102 _aRU
105 _aach|z|||000zb
200 1 _aМне помогло Провидение?
_e[о судьбе А. Л. Локшина]
_fАлександр А. Локшин
205 _a2-е изд., испр. и доп.
210 _aМосква
_cМакс Пресс
_d2018
215 _a119 с.
_cил., портр., факс.
_d21
320 _aДр. произведения авт. на обороте тит. л.
600 1 _aЛокшин
_bА.Л.
_f1920 - 1987
_gАлександр Лазаревич
_92149255
_3RU\NLR\AUTH\661294500
686 1 _aЩ313(2Р=Рус)7-81Локшин
686 2 _aШ6(2=Р)8-448
700 1 _7ca
_8rus
_aЛокшин
_bА. А.
_cд-р физ.-мат. наук, литератор
_f1951-
_gАлександр Александрович
_9110363
_3RU\NLR\AUTH\77308
702 1 _4570
_aЛокшин
_bА. Л.
_cкомпозитор
_f1920-1987
_gАлександр Лазаревич
_9202978
_3RU\NLR\AUTH\770203029
942 _cBOOK
980 _aNBR
980 _aNB